000 00372pab a2200145 454500
008 180718b1985 xxu||||| |||| 00| 0 eng d
100 _aFawcett, W.
245 _aIncentive schemes in local government
_bReflections and perceptions
260 _c1985
300 _a24-6
362 _aJan.
650 _aLocal Government
773 _aManagement Services
909 _a12680
999 _c12680
_d12680